000 00555nam a2200169 a 4500
001 000031011
005 20200930062640.0
008 110610s1936 dr 000 0 spa d
040 _aDO-SdBNP
_bspa
_cBNPHU
110 1 _aRepública Dominicana
_bSecretaría de Estado de Comercio e Industria
_957514
240 1 0 _aLeyes, etc.
245 1 0 _aRecopilación de leyes y decretos :
_bhasta el 31 de diciembre de 1935.
250 _aPublicació oficial
260 _aSanto Domingo :
_bEditorial La Nación,
_c1936.
300 _a153 p. ;
_c24 cm.
049 _aBNPD
999 _c30503
_d30503